000 01003nam a22003137a 4500
001 BR6004039
003 BR-BrBNA
005 20230928083201.0
007 ta
008 230509b bl.||||| |||| 00| 0 por d
040 _aBR-BrBNA
_bpor
_cBiblioteca Nacional de Agricultura
041 _a(Por)
072 _aE30; E10; E50
_b/G514
090 _ E30 BR6004039
110 1 _aInstituto Nacional de Colonizacao e Reforma Agraria, Rio de Janeiro, GB (Brasil)
_96447
111 1 _aSeminario Latino-Americano sobre Reforma Agraria e Colonizacao
_cChiclayo (Peru)
_dNov 1971
245 1 _aA colonizacao no Brasil. Situacao atual, projecoes e tendencias
260 3 _aRio de Janeiro, GB (Brasil):
_c1971.
300 _a31 p.
650 _aDesenvolvimento agricola
650 _aMacroeconomia
650 _aSociologia rural
650 _aColonizacao
650 _aDesenvolvimento Economico
650 _aTerra
650 _aReforma agraria
909 _a202309
_bLucia
_c55
_dLucia Elande
942 _cBK
999 _c12021
_d12021